000 004840000a22001930004500
999 _c47339
_d47339
001 81
003 CO-MdFUSB
005 20170922182027.0
008 170914b xxu||||| |||| 00| 0 eng d
020 _a0-7899-1099-3
040 _cCO-MdBIC
082 0 4 _a868HC W659s
100 1 _aWilkinson, Bruce
245 1 0 _aSecretos de la vid para niƱos / Bruce Wilkinson, il. : Dan Brawner
260 _aMiami : Unilit
300 _a110 P.
650 1 4 _aLiteratura Infantil
942 _cLGB